| 000 | 00714nam a2200265Ia 4500 | ||
|---|---|---|---|
| 003 | OSt | ||
| 005 | 20221006144341.0 | ||
| 006 | a|||||r|||| 00| 0 | ||
| 007 | ta | ||
| 008 | 221006b |||||||| |||| 00| 0 eng d | ||
| 020 |
_c _1.50 |
||
| 024 | _a11,486 | ||
| 037 | _cTextual | ||
| 040 |
_aEASL _cEASL _beng |
||
| 041 |
_2eng _aeng |
||
| 082 | _aU8.41.N72, L2 | ||
| 100 | _aWILSON | ||
| 245 | 0 |
_aPresidents trip to China _b A pictorial record of the historic journey to the peoples Republic of China |
|
| 260 |
_aNew York _bBantam Books _c1972 |
||
| 300 |
_a157p. _ccm. |
||
| 490 | _v CEL | ||
| 650 | _aCEL | ||
| 942 |
_hU8.41.N72, L2 _cTEXL _2CC |
||
| 999 |
_c1079572 _d1079572 |
||